000 00383pam a2200157a 44500
008 230515b2003 xxu||||| |||| 00| 0 eng d
020 _aNULL
041 _aENG
082 _aN.D.
100 _aRichard macdonold
245 _aThe 7 bad habits of highly ineffective people
250 _a0
260 _aNULL
_b"New Holland pub, nd, "
_c2003
300 _a96
650 _aFOWER ARR
999 _c523179
_d523179